000 00690nam a2200229Ia 4500
003 IN-BaIIA
008 211028s9999 xx 000 0 eng d
020 _a978-3-527-40669-2
040 _cIIA Library
080 _a52:532.5
_bSHO
100 _aShore, Steven N
_918601
245 0 _aAstrophysical hydrodynamics
_ban introduction
_cSteven N. Shore
250 _a2nd ed.
260 _aWeinheim
_bWiley-VCH Verlag Gmbh
_c2007
300 _axx, 451p.
490 _aPhysics text book
650 _aAstrophysical flows
_931373
650 _aAstrophysics
_9794
650 _aFluid motion
_931374
650 _aHydrodynamics
_91514
942 _cBK
999 _c16806
_d16806